000 02312nam0a2200385 4500
001 RU\NLR\BIBL_A\011357101
005 20241105195403.0
010 _a9785699927289
_91500
021 _aRU
_b2017-14108
_91044
035 _a(RuMoRGB)008812430
035 _a(NLR Aleph) 011357101
090 _a11278943
_c11278943
100 _a20170331d2017 km y0rusy50 ca
101 0 _arus
102 _aRU
105 _ay|||z|||000zy
200 1 _aОфицерский штрафбат. Искупление
_fАлександр Пыльцын
210 _aМосква
_cЯуза
_cЭксмо
_d2017
215 _a606, [1] с.
_d21
225 1 _aГлавные книги о войне
_iПодлинная история Второй Мировой
300 _aПереизд. бестселлера "Правда о штрафбатах"
320 _aБиблиогр.: с. 604-605
333 _a16+
451 0 _12001#$aПравда о штрафбатах
_tПравда о штрафбатах
517 1 _aИскупление
601 0 2 _aАрмия
_bОтдельный штрафной (офицерский) батальон
_c48; 1941 - 1945
_c8
_jВоспоминания, записки и т.п.
_92337909
_3RU\NLR\auth\661397653
606 _aИстория. Исторические науки -- СССР -- Период Великой Отечественной войны (1941-1945) -- Вооруженные силы СССР в Великой Отечественной войне -- Красная Армия -- Воспоминания
_2rubbk
606 _aВоенная наука. Военное дело -- История войн, военной науки и военного искусства -- СССР -- Период Великой Отечественной войны (1941-1945) -- Пехота -- Организация объединений, соединений, частей и подразделений -- Батальон, 8-й Отдельный штрафной 1-го Белорусского фронта
_2rubbk
686 1 _aЦ35(2)722-4,1,013
686 1 _aЦ4,6(2)279,013
700 1 _aПыльцын
_bА. В.
_gАлександр Васильевич
942 _cBOOK
980 _aNBR